00700nam a2200229 i 4500001000300000100002100003245005500024260003700079300002800116650001200144655001800156020001500174040000800189041000800197080002300205920001800228942000700246008004100253999001700294856009800311952006100409bg1 aPIKOŃ, Andrzej10aAutoCAD 2004 :bpierwsze kroki /cAndrzej Pikoń. aGliwice :b"Helion",ccop. 2003. a206 s. :bil. ;c24 cm. 9aAutoCad aPodręczniki a8373611533 cBPK0 apol a004.42:004.92](07) a83-7361-153-3 cKS s pl f |000 0 pol  c43544d43544 uhttp://koha.tu.koszalin.pl/cgi-bin/koha/opac-detail.pl?biblionumber=43544yKatalog online BPK 00104070aBPKbBPKcwo69254p02045948s2013-10-29yKS